History Quiz

Random History or Clickable Quiz

Supreme Court Justices by Seniority Quiz Stats

 Plays Quiz Updated Oct 3, 2019

Score 0/9 Timer 03:00
2 Plays Today
% Correct
Brett Kavanaugh
77.6%
Ruth Bader Ginsburg
72.9%
Clarence Thomas
70.7%
Neil Gorsuch
68.3%
Elena Kagan
64.7%
Stephen Breyer
63.2%
Samuel Alito
61.4%
John Roberts
57.3%
Sonia Sotomayor
54.8%

You're not logged in!

Compare scores with friends on all Sporcle quizzes.
OR
Log In

Sporcle TV

Today on Sporcle TV


Watch our educational content, quiz creation guides, and fun videos on Sporcle TV.

Show Comments

Extras

Top Quizzes Today


Score Distribution

Your Account Isn't Verified!

In order to create a playlist on Sporcle, you need to verify the email address you used during registration. Go to your Sporcle Settings to finish the process.

Report this User

Report this user for behavior that violates our Community Guidelines.

Details: